| 000 | 01460nam2a2200265 4500 | ||
|---|---|---|---|
| 001 | rc\2652158 | ||
| 005 | 20260315070639.0 | ||
| 035 | _a(NLR Aleph) 007201557 | ||
| 090 |
_a13627591 _c13627591 |
||
| 100 | _a20110611d1929 u y0rusy50 ca | ||
| 101 | 0 | _arus | |
| 102 | _aRU | ||
| 105 | _aa z ||||| | ||
| 200 | 1 |
_aТруды Кубанского педагогического института и состоящих при нем: научно-педагогического, литературно-историко-этнологического и физико-математического научных обществ _fРед. коллегия: П.И. Мищенко, Н.Г. Городенский, Р.К. Войцик [и др.] |
|
| 210 | _d1929 | ||
| 215 |
_a[4], 252 с. _cил., табл. |
||
| 461 | 0 |
_1001rc\2652157 _12001#$aТруды Кубанского педагогического института$eТ. I -$vТ. 2-3 _97634167 _aКраснодарский педагогический институт им. 15-летия ВЛКСМ _cКраснодар _d1929- _nКубпедин-т _oТ. I - _tТруды Кубанского педагогического института _vТ. 2-3 |
|
| 702 | 1 |
_aМищенко _bП.И. _4340 |
|
| 702 | 1 |
_aГороденский _bН.Г. _4340 |
|
| 702 | 1 |
_aВойцик _bР.К. _4340 |
|
| 801 | 0 |
_aRU _bNLR _gpsbo |
|
| 801 | 1 |
_aRU _bELAR _2rusmarc |
|
| 852 |
_aNLR _j30.19/717 |
||
| 942 | _cUNSPEC | ||
| 980 | _aNB | ||